<?xml version="1.0" encoding="UTF-8"?>
<record
    xmlns:xsi="http://www.w3.org/2001/XMLSchema-instance"
    xsi:schemaLocation="http://www.loc.gov/MARC21/slim http://www.loc.gov/standards/marcxml/schema/MARC21slim.xsd"
    xmlns="http://www.loc.gov/MARC21/slim">

  <leader>00763nam a22002537a 4500</leader>
  <controlfield tag="005">20170123162331.0</controlfield>
  <datafield tag="010" ind1=" " ind2=" ">
    <subfield code="a">397285</subfield>
  </datafield>
  <datafield tag="020" ind1=" " ind2=" ">
    <subfield code="c">4.50</subfield>
  </datafield>
  <datafield tag="035" ind1=" " ind2=" ">
    <subfield code="a">397285</subfield>
  </datafield>
  <datafield tag="037" ind1=" " ind2=" ">
    <subfield code="b">Cen Lib/Ret</subfield>
  </datafield>
  <datafield tag="040" ind1=" " ind2=" ">
    <subfield code="a">DPL</subfield>
    <subfield code="b">UR</subfield>
  </datafield>
  <datafield tag="082" ind1=" " ind2=" ">
    <subfield code="a">&#x646; </subfield>
    <subfield code="b">&#x648; &#x62D; &#x634; </subfield>
  </datafield>
  <datafield tag="100" ind1=" " ind2=" ">
    <subfield code="a">&#x648;&#x634;&#x6CC; &#x645;&#x62D;&#x645;&#x648;&#x62F; &#x622;&#x628;&#x627;&#x62F;&#x6CC; </subfield>
    <subfield code="9">113080</subfield>
  </datafield>
  <datafield tag="245" ind1=" " ind2=" ">
    <subfield code="a">&#x642;&#x6CC;&#x635;&#x631; &#x628;&#x627;&#x63A; /</subfield>
    <subfield code="c">&#x648;&#x634;&#x6CC; &#x645;&#x62D;&#x645;&#x648;&#x62F; &#x622;&#x628;&#x627;&#x62F;&#x6CC; </subfield>
  </datafield>
  <datafield tag="246" ind1=" " ind2=" ">
    <subfield code="a">Qaisar bagh /</subfield>
    <subfield code="b">by Vahshi Mahmood Abadi</subfield>
  </datafield>
  <datafield tag="260" ind1=" " ind2=" ">
    <subfield code="b">&#x646;&#x633;&#x6CC;&#x645; &#x628;&#x6A9; &#x688;&#x6CC;&#x67E;&#x648; </subfield>
    <subfield code="a">&#x644;&#x6A9;&#x6BE;&#x646;&#x648;&#x648; </subfield>
  </datafield>
  <datafield tag="270" ind1=" " ind2=" ">
    <subfield code="b">&#x644;&#x6A9;&#x6BE;&#x646;&#x648;&#x648; </subfield>
    <subfield code="a">&#x644;&#x627;&#x679;&#x648;&#x634; &#x631;&#x648;&#x688; </subfield>
  </datafield>
  <datafield tag="300" ind1=" " ind2=" ">
    <subfield code="a">382p.</subfield>
    <subfield code="c">18cm(Hb)</subfield>
  </datafield>
  <datafield tag="650" ind1=" " ind2=" ">
    <subfield code="a">&#x627;&#x62F;&#x628; -- &#x627;&#x631;&#x62F;&#x648; </subfield>
    <subfield code="9">140781</subfield>
  </datafield>
  <datafield tag="650" ind1=" " ind2=" ">
    <subfield code="a">&#x627;&#x631;&#x62F;&#x648; &#x646;&#x627;&#x648;&#x644;          </subfield>
    <subfield code="9">140782</subfield>
  </datafield>
  <datafield tag="650" ind1=" " ind2=" ">
    <subfield code="a">Urdu literature </subfield>
    <subfield code="9">140783</subfield>
  </datafield>
  <datafield tag="650" ind1=" " ind2=" ">
    <subfield code="a">Urdu novel</subfield>
    <subfield code="9">140784</subfield>
  </datafield>
  <datafield tag="942" ind1=" " ind2=" ">
    <subfield code="2">ddc</subfield>
    <subfield code="c">UR</subfield>
    <subfield code="h">&#x646; </subfield>
    <subfield code="m">&#x648; &#x62D; &#x634; </subfield>
  </datafield>
  <datafield tag="999" ind1=" " ind2=" ">
    <subfield code="c">107813</subfield>
    <subfield code="d">107813</subfield>
  </datafield>
  <datafield tag="952" ind1=" " ind2=" ">
    <subfield code="0">0</subfield>
    <subfield code="1">0</subfield>
    <subfield code="4">0</subfield>
    <subfield code="7">0</subfield>
    <subfield code="a">L</subfield>
    <subfield code="b">L</subfield>
    <subfield code="d">2016-01-11</subfield>
    <subfield code="e">Cen Lib/Ret</subfield>
    <subfield code="g">4.50</subfield>
    <subfield code="l">0</subfield>
    <subfield code="o">&#x646;  &#x648; &#x62D; &#x634;</subfield>
    <subfield code="p">397285</subfield>
    <subfield code="r">2016-01-11 00:00:00</subfield>
    <subfield code="t">1</subfield>
    <subfield code="v">4.50</subfield>
    <subfield code="w">2016-01-11</subfield>
    <subfield code="y">UR</subfield>
  </datafield>
</record>
